[Event "BIH-chT 21st"]
[Site "Sarajevo"]
[Date "2023.11.02"]
[Round "3.6"]
[White "Lazic, Emanuel"]
[Black "Tutic, Resad"]
[Result "0-1"]
[WhiteElo "2277"]
[BlackElo "2244"]
[PlyCount "112"]
[EventDate "2023.10.31"]
[EventType "team-tourn"]
[EventRounds "9"]
[EventCountry "BIH"]
[SourceTitle "Mega2024 Update 01"]
[Source "Chessbase"]
[SourceDate "2023.11.12"]
[SourceVersion "1"]
[SourceVersionDate "2023.11.12"]
[SourceQuality "1"]
[WhiteTeam "Busovaca Hrasno"]
[BlackTeam "Sarajevo Bosna"]
[WhiteTeamCountry "BIH"]
[BlackTeamCountry "BIH"]

1. e4 c5 2. Nf3 Nc6 3. d4 cxd4 4. Nxd4 Nf6 5. Nc3 e5 6. Ndb5 d6 7. Nd5 Nxd5 8. exd5 Ne7 9. c4 Nf5 10. Bd3 Be7 11. 0-0 a6 12. Nc3 0-0 13. f4 exf4 14. Qc2 Ne3 15. Bxe3 fxe3 16. Bxh7+ Kh8 17. Bf5 g6 18. Bxc8 Rxc8 19. Qe2 Bf6 20. Rac1 Qe7 21. b3 b5 22. Qd3 bxc4 23. bxc4 Rfe8 24. Ne2 Bg7 25. Rc2 Kg8 26. c5 dxc5 27. Qxa6 Qe4 28. Qc4 Qxc4 29. Rxc4 Red8 30. Rd1 Ra8 31. a4 Bd4 32. Nxd4 Rxd5 33. Kf1 Rad8 34. Ke2 cxd4 35. Ra1 Rf5 36. Kd3 Rf2 37. Rd1 Rxg2 38. a5 Ra2 39. h3 Rxa5 40. Rxd4 Rad5 41. Kxe3 Rxd4 42. Rxd4 Rxd4 43. Kxd4 f6 44. Ke3 Kg7 45. Kf4 Kh6 46. Kg4 f5+ 47. Kh4 g5+ 48. Kg3 Kh5 49. Kg2 Kh4 50. Kh2 f4 51. Kg2 f3+ 52. Kh2 g4 53. hxg4 Kxg4 54. Kh1 Kh3 55. Kg1 Kg3 56. Kh1 Kf2 0-1

[Event "BIH-chT 20th"]
[Site "Neum"]
[Date "2022.09.16"]
[Round "7.2"]
[White "Tutic, Resad"]
[Black "Batinic, Predrag"]
[Result "1-0"]
[WhiteElo "2250"]
[BlackElo "2300"]
[PlyCount "79"]
[EventDate "2022.09.10"]
[EventType "team-tourn"]
[EventRounds "9"]
[EventCountry "BIH"]
[SourceTitle "CBM 210 Extra"]
[Source "ChessBase"]
[SourceDate "2022.11.30"]
[SourceVersion "1"]
[SourceVersionDate "2022.11.30"]
[SourceQuality "1"]
[WhiteTeam "Sarajevo Bosna"]
[BlackTeam "Bihac"]
[WhiteTeamCountry "BIH"]
[BlackTeamCountry "BIH"]

1. e4 d6 2. d4 Nf6 3. Nc3 e5 4. dxe5 dxe5 5. Qxd8+ Kxd8 6. Bc4 Ke8 7. f4 Bd6 8. Nf3 Nbd7 9. g3 c6 10. a4 Bc7 11. 0-0 Ke7 12. a5 b5 13. axb6 Bxb6+ 14. Kg2 Bd4 15. Ne2 Nxe4 16. Nexd4 exd4 17. Re1 f5 18. Nxd4 Kf6 19. Nxf5 Nb6 20. Ne3 Re8 21. b3 Be6 22. Bb2+ Kf7 23. Bxe6+ Rxe6 24. Nf5 Nc5 25. Nxg7 Rxe1 26. Rxe1 Rd8 27. Re2 Rd1 28. Nf5 Nd5 29. Nd6+ Kg6 30. Nc4 Nd7 31. Re6+ Kf5 32. Rxc6 N7b6 33. Be5 Nxc4 34. bxc4 Ne3+ 35. Kf3 Ng4 36. h3 Nxe5+ 37. fxe5 Rf1+ 38. Ke3 Rg1 39. g4+ Kxe5 40. Rh6 1-0

[Event "BIH-chT 20th"]
[Site "Neum"]
[Date "2022.09.14"]
[Round "5.1"]
[White "Tutic, Resad"]
[Black "Sesar, Dario"]
[Result "1/2-1/2"]
[WhiteElo "2250"]
[BlackElo "2035"]
[PlyCount "59"]
[EventDate "2022.09.10"]
[EventType "team-tourn"]
[EventRounds "9"]
[EventCountry "BIH"]
[SourceTitle "CBM 210 Extra"]
[Source "ChessBase"]
[SourceDate "2022.11.30"]
[SourceVersion "1"]
[SourceVersionDate "2022.11.30"]
[SourceQuality "1"]
[WhiteTeam "Sarajevo Bosna"]
[BlackTeam "Siroki Brijeg"]
[WhiteTeamCountry "BIH"]
[BlackTeamCountry "BIH"]

1. e4 c5 2. Nf3 Nc6 3. Bb5 g6 4. 0-0 Bg7 5. Re1 e5 6. Bxc6 dxc6 7. d3 Qe7 8. Be3 Nf6 9. h3 0-0 10. Nbd2 Nh5 11. Nc4 b6 12. Qc1 Qc7 13. a4 f6 14. a5 Be6 15. b3 Nf4 16. Qa3 Rab8 17. axb6 axb6 18. Qa7 Rb7 19. Qa6 Rfb8 20. Qa3 Qd7 21. Kh2 g5 22. Ng1 Bf8 23. Qc1 Qf7 24. Qd1 h5 25. g3 Ng6 26. Qe2 h4 27. g4 Ra7 28. Qd2 Nf4 29. Bxf4 exf4 30. Nf3 1/2-1/2

[Event "BIH-chT 20th"]
[Site "Neum"]
[Date "2022.09.10"]
[Round "1.1"]
[White "Simeunovic, Zoran"]
[Black "Tutic, Resad"]
[Result "0-1"]
[WhiteElo "1739"]
[BlackElo "2250"]
[PlyCount "76"]
[EventDate "2022.09.10"]
[EventType "team-tourn"]
[EventRounds "9"]
[EventCountry "BIH"]
[SourceTitle "CBM 210 Extra"]
[Source "ChessBase"]
[SourceDate "2022.11.30"]
[SourceVersion "1"]
[SourceVersionDate "2022.11.30"]
[SourceQuality "1"]
[WhiteTeam "Brcko Jedinstvo"]
[BlackTeam "Sarajevo Bosna"]
[WhiteTeamCountry "BIH"]
[BlackTeamCountry "BIH"]

1. e4 c5 2. Nf3 Nc6 3. Nc3 Nf6 4. Bb5 Nd4 5. Bc4 d6 6. h3 e6 7. d3 Be7 8. Nxd4 cxd4 9. Ne2 e5 10. 0-0 0-0 11. f4 Qc7 12. Bd2 Nxe4 13. Bxf7+ Rxf7 14. dxe4 Qc6 15. Ng3 Bh4 16. Nf5 Bxf5 17. exf5 e4 18. Be1 Bd8 19. Kh1 Bb6 20. g4 Rc8 21. Bb4 e3+ 22. Qf3 Qxf3+ 23. Rxf3 Rxc2 24. Rff1 d3 25. Rfd1 a5 26. Bc3 d2 27. Kg2 d5 28. Kf3 d4 29. Bxd2 exd2 30. g5 Re7 31. f6 gxf6 32. gxf6 Re3+ 33. Kg4 Kf7 34. Kf5 h5 35. Kg5 Rc5+ 36. f5 Re4 37. Rxd2 Bd8 38. Kh6 Bxf6 0-1

[Event "BIH-chT 15th"]
[Site "Bihac"]
[Date "2016.07.24"]
[Round "9.1"]
[White "Tutic, Resad"]
[Black "Simic, Aleksandar"]
[Result "0-1"]
[WhiteElo "2256"]
[BlackElo "2307"]
[PlyCount "78"]
[EventDate "2016.07.16"]
[EventType "team-tourn"]
[EventRounds "9"]
[EventCountry "BIH"]
[SourceTitle "CBM 173 Extra"]
[Source "ChessBase"]
[SourceDate "2016.08.29"]
[SourceVersion "1"]
[SourceVersionDate "2016.08.29"]
[SourceQuality "1"]
[WhiteTeam "Sarajevo Bosna"]
[BlackTeam "Samac"]
[WhiteTeamCountry "BIH"]
[BlackTeamCountry "BIH"]

1. e4 c5 2. Nf3 d6 3. Bb5+ Bd7 4. Bxd7+ Qxd7 5. d4 cxd4 6. Nxd4 Nf6 7. Nc3 g6 8. 0-0 Bg7 9. f4 Nc6 10. Nb3 0-0 11. Kh1 Rfd8 12. Qe2 Qg4 13. Rf3 e5 14. h3 Qh5 15. Qb5 Rab8 16. Qf1 d5 17. exd5 Nxd5 18. Nxd5 Rxd5 19. Kh2 Rbd8 20. Be3 e4 21. Rf2 Bxb2 22. Rb1 Bg7 23. Nd2 Qf5 24. Rxb7 Qc8 25. Qb1 f5 26. Nf1 Kh8 27. Rb5 Rd1 28. Qb3 Nd4 29. Bxd4 Bxd4 30. Ne3 Re1 31. Rb7 Bxe3 32. Re7 Bxf2 33. Qf7 Bg1+ 34. Kg3 Qc3+ 35. Kh4 Bf2+ 36. Kg5 Qg3+ 37. Kf6 Rd6+ 38. Re6 Qh4+ 39. Ke5 Rxe6+ 0-1

[Event "BIH-chT1A"]
[Site "Neum"]
[Date "2012.08.30"]
[Round "8.1"]
[White "Tutic, Resad"]
[Black "Music, Suad"]
[Result "1/2-1/2"]
[WhiteElo "2258"]
[BlackElo "2021"]
[PlyCount "22"]
[EventDate "2012.08.25"]
[EventType "team-tourn"]
[EventRounds "9"]
[EventCountry "BIH"]
[SourceTitle "CBM 150 Extra"]
[Source "ChessBase"]
[SourceDate "2012.10.19"]
[SourceVersion "1"]
[SourceVersionDate "2012.10.19"]
[SourceQuality "1"]

1. e4 d5 2. e5 c5 3. d4 Bf5 4. Nf3 e6 5. Bd3 Ne7 6. 0-0 Nbc6 7. c3 Bxd3 8. Qxd3 Nf5 9. dxc5 Bxc5 10. Nbd2 0-0 11. Nb3 Be7 1/2-1/2

[Event "BIH-chT1A"]
[Site "Neum"]
[Date "2012.08.28"]
[Round "5.2"]
[White "Durakovic, Alman"]
[Black "Tutic, Resad"]
[Result "1-0"]
[WhiteElo "2217"]
[BlackElo "2258"]
[PlyCount "58"]
[EventDate "2012.08.25"]
[EventType "team-tourn"]
[EventRounds "9"]
[EventCountry "BIH"]
[SourceTitle "CBM 150 Extra"]
[Source "ChessBase"]
[SourceDate "2012.10.19"]
[SourceVersion "1"]
[SourceVersionDate "2012.10.19"]
[SourceQuality "1"]

1. d4 Nf6 2. c4 e6 3. Nc3 Bb4 4. f3 d5 5. a3 Bxc3+ 6. bxc3 h6 7. cxd5 exd5 8. e3 0-0 9. Bd3 Re8 10. Ne2 b6 11. 0-0 Ba6 12. Ng3 Bxd3 13. Qxd3 Nbd7 14. Bb2 c5 15. Rae1 Rc8 16. e4 cxd4 17. cxd4 dxe4 18. fxe4 Ne5 19. Qd1 Nc4 20. Ba1 Rc7 21. Rf5 Nd6 22. Rf4 Nh7 23. e5 Nc4 24. d5 b5 25. Nf5 Nf8 26. Nxg7 Kxg7 27. e6+ Kh7 28. Qd4 Nxe6 29. Rxe6 f6 1-0

[Event "BIH-chT1A"]
[Site "Neum"]
[Date "2012.08.28"]
[Round "6.2"]
[White "Tutic, Resad"]
[Black "Salkic, Fikret"]
[Result "1/2-1/2"]
[WhiteElo "2258"]
[BlackElo "2192"]
[PlyCount "70"]
[EventDate "2012.08.25"]
[EventType "team-tourn"]
[EventRounds "9"]
[EventCountry "BIH"]
[SourceTitle "CBM 150 Extra"]
[Source "ChessBase"]
[SourceDate "2012.10.19"]
[SourceVersion "1"]
[SourceVersionDate "2012.10.19"]
[SourceQuality "1"]

1. e4 c5 2. Nf3 d6 3. Bb5+ Bd7 4. Bxd7+ Nxd7 5. 0-0 g6 6. d3 Bg7 7. c3 Ngf6 8. Re1 0-0 9. a4 b6 10. Nbd2 a6 11. d4 cxd4 12. cxd4 Qc7 13. b3 b5 14. Ba3 Rfc8 15. Qe2 Qb7 16. e5 Nd5 17. e6 fxe6 18. Qxe6+ Kh8 19. Re4 N7f6 20. Ng5 h6 21. Rh4 Qd7 22. Qf7 Qe8 23. Nde4 Qxf7 24. Nxf7+ Kg8 25. Nxh6+ Bxh6 26. Nxf6+ exf6 27. Rxh6 b4 28. Bc1 Kg7 29. Rh3 Rc2 30. Rd3 Rac8 31. Bd2 a5 32. Kf1 Nc3 33. Re1 Ne4 34. Rd1 Nc3 35. Re1 Ne4 1/2-1/2

[Event "Pula op 24th"]
[Site "Pula"]
[Date "2010.06.23"]
[Round "6"]
[White "Feletar, Darko"]
[Black "Tutic, Resad"]
[Result "1/2-1/2"]
[WhiteElo "2390"]
[BlackElo "2195"]
[PlyCount "43"]
[EventDate "2010.06.19"]
[EventType "swiss"]
[EventRounds "9"]
[EventCountry "CRO"]
[SourceTitle "CBM 137 Extra"]
[Source "ChessBase"]
[SourceDate "2010.09.01"]
[SourceVersion "1"]
[SourceVersionDate "2010.09.01"]
[SourceQuality "1"]

1. Nf3 Nf6 2. c4 e6 3. Nc3 d5 4. d4 Bb4 5. Bg5 0-0 6. e3 h6 7. Bxf6 Qxf6 8. Rc1 c6 9. a3 Bxc3+ 10. Rxc3 Nd7 11. Bd3 dxc4 12. Bxc4 e5 13. 0-0 exd4 14. Qxd4 Qxd4 15. Nxd4 Nb6 16. Bb3 Rd8 17. Rd1 Kf8 18. Kf1 Ke7 19. Ke2 Be6 20. Nxe6 fxe6 21. Rxd8 Rxd8 22. Rc5 1/2-1/2

[Event "Pula op 24th"]
[Site "Pula"]
[Date "2010.06.22"]
[Round "4"]
[White "Cvitan, Ognjen"]
[Black "Tutic, Resad"]
[Result "1-0"]
[WhiteElo "2521"]
[BlackElo "2195"]
[PlyCount "129"]
[EventDate "2010.06.19"]
[EventType "swiss"]
[EventRounds "9"]
[EventCountry "CRO"]
[SourceTitle "CBM 137 Extra"]
[Source "ChessBase"]
[SourceDate "2010.09.01"]
[SourceVersion "1"]
[SourceVersionDate "2010.09.01"]
[SourceQuality "1"]

1. d4 Nf6 2. c4 e6 3. Nc3 Bb4 4. e3 0-0 5. Bd3 d5 6. Nf3 Nbd7 7. 0-0 c6 8. a3 Bd6 9. e4 dxe4 10. Nxe4 Nxe4 11. Bxe4 h6 12. Re1 e5 13. Bc2 exd4 14. Qxd4 Bc5 15. Qc3 Qb6 16. Re2 a5 17. Bf4 Rd8 18. Rae1 Nf8 19. h3 Ne6 20. Be5 Bd7 21. Qd3 Nf8 22. Bxg7 Kxg7 23. Qc3+ Kg8 24. Ne5 Be6 25. Qg3+ Kh8 26. Qf4 Kg7 27. Nxf7 Bxf7 28. Re7 Bxe7 29. Rxe7 Qxb2 30. Qxf7+ Kh8 31. Qf4 Qg7 32. Rxg7 Kxg7 33. Qe5+ Kf7 34. c5 Rd7 35. Bb3+ Kg6 36. Bc2+ Kf7 37. Bb3+ Kg6 38. Qg3+ Kf6 39. h4 a4 40. Bc4 Rad8 41. Qc3+ Kg6 42. Qc2+ Kg7 43. Qxa4 Rd1+ 44. Kh2 R8d4 45. Qb3 Rxh4+ 46. Kg3 Rdd4 47. Qxb7+ Kh8 48. Qf7 Rhg4+ 49. Kf3 Nd7 50. Qe8+ Kg7 51. Qe7+ Kh8 52. Bd3 Rg7 53. Qe8+ Rg8 54. Qe6 Rf8+ 55. Ke2 Nf6 56. Qxc6 Kg7 57. Qc7+ Rf7 58. Qg3+ Rg4 59. Qh3 Re7+ 60. Kf1 Ra4 61. Qf5 Kf7 62. Qg6+ Ke6 63. Qxh6 Rea7 64. Qg5 Rxa3 65. Bc4+ 1-0

[Event "BIH CFFBH-chT1"]
[Site "Cazin"]
[Date "2009.07.01"]
[Round "7"]
[White "Tutic, Resad"]
[Black "Brkic, Mustafa"]
[Result "1-0"]
[WhiteElo "2217"]
[BlackElo "2102"]
[PlyCount "70"]
[EventDate "2009.06.27"]
[EventType "team-tourn"]
[EventRounds "9"]
[EventCountry "BIH"]
[SourceTitle "EXT 2019"]
[Source "ChessBase"]
[SourceDate "2018.10.10"]
[SourceVersion "1"]
[SourceVersionDate "2018.10.10"]
[SourceQuality "1"]

1. e4 b6 2. d4 Bb7 3. Nc3 e6 4. Nf3 Bb4 5. Bd3 Nf6 6. Qe2 d5 7. e5 Ne4 8. Bd2 Nxd2 9. Qxd2 c5 10. a3 Bxc3 11. bxc3 Ba6 12. a4 Bxd3 13. Qxd3 0-0 14. h4 f5 15. exf6 Qxf6 16. 0-0 Nd7 17. Rfe1 Rae8 18. Re2 Qf5 19. Rae1 Qxd3 20. cxd3 Rf6 21. Ng5 Nf8 22. dxc5 bxc5 23. Rb1 Rf4 24. a5 h6 25. Nf3 Ra4 26. Rb7 Rxa5 27. Ne5 Ra3 28. Re3 Nh7 29. Rg3 g5 30. hxg5 hxg5 31. Rh3 Nf8 32. Rf3 a5 33. Rff7 Ra4 34. d4 cxd4 35. Ng4 Rb8 1-0

[Event "BIH CFFBH-chT1"]
[Site "Cazin"]
[Date "2009.06.28"]
[Round "2"]
[White "Komadaric, Edin"]
[Black "Tutic, Resad"]
[Result "0-1"]
[WhiteElo "2155"]
[BlackElo "2217"]
[PlyCount "64"]
[EventDate "2009.06.27"]
[EventType "team-tourn"]
[EventRounds "9"]
[EventCountry "BIH"]
[SourceTitle "EXT 2019"]
[Source "ChessBase"]
[SourceDate "2018.10.10"]
[SourceVersion "1"]
[SourceVersionDate "2018.10.10"]
[SourceQuality "1"]

1. e4 c5 2. Nf3 Nc6 3. Bb5 g6 4. Bxc6 dxc6 5. 0-0 Bg7 6. Nc3 Nf6 7. d3 0-0 8. Bg5 h6 9. Be3 b6 10. h3 Ne8 11. Qc1 Kh7 12. Bf4 Nc7 13. Ne2 Ne6 14. Bg3 Nd4 15. Nfxd4 cxd4 16. f4 e6 17. Rd1 c5 18. c4 f5 19. e5 Rg8 20. Kh2 Bf8 21. Ng1 Bb7 22. Nf3 Be7 23. Rg1 g5 24. Qe1 Qe8 25. b4 g4 26. Nd2 cxb4 27. Nb3 Rd8 28. Qf2 a5 29. Rgc1 a4 30. Nd2 Qh5 31. Nf1 Rg7 32. Re1 Rdg8 0-1

[Event "BIH-chT1"]
[Site "Neum"]
[Date "2008.08.24"]
[Round "3.1"]
[White "Mestrovic, Zvonimir"]
[Black "Tutic, Resad"]
[Result "1-0"]
[WhiteElo "2337"]
[BlackElo "2232"]
[PlyCount "39"]
[EventDate "2008.08.23"]
[EventType "team"]
[EventRounds "9"]
[EventCountry "BIH"]
[SourceTitle "CBM 126 Extra"]
[Source "ChessBase"]
[SourceDate "2008.11.05"]
[SourceVersion "1"]
[SourceVersionDate "2008.11.05"]
[SourceQuality "1"]

1. e4 c5 2. c3 d5 3. exd5 Qxd5 4. Nf3 Nc6 5. d4 e5 6. Bb5 cxd4 7. Qe2 Bd7 8. Nxd4 Nxd4 9. cxd4 Qxd4 10. 0-0 Nf6 11. Nc3 Be7 12. Rd1 Qb4 13. Bxd7+ Nxd7 14. Nd5 Qd6 15. Be3 Rd8 16. Qb5 Qc6 17. Qa5 Nb6 18. Nxe7 Kxe7 19. Qxe5+ Qe6 20. Bc5+ 1-0

[Event "BIH-chT1"]
[Site "Neum"]
[Date "2008.08.24"]
[Round "2.5"]
[White "Tutic, Resad"]
[Black "Mahmutbegovic, Midhat"]
[Result "0-1"]
[WhiteElo "2232"]
[BlackElo "2088"]
[PlyCount "114"]
[EventDate "2008.08.23"]
[EventType "team"]
[EventRounds "9"]
[EventCountry "BIH"]
[SourceTitle "CBM 126 Extra"]
[Source "ChessBase"]
[SourceDate "2008.11.05"]
[SourceVersion "1"]
[SourceVersionDate "2008.11.05"]
[SourceQuality "1"]

1. e4 e6 2. d3 d5 3. Nd2 c5 4. Ngf3 Nc6 5. g3 Nf6 6. Bg2 dxe4 7. dxe4 e5 8. h3 Qc7 9. 0-0 h6 10. c3 Be6 11. Qe2 0-0-0 12. Nc4 Be7 13. Ne1 Nd7 14. Nc2 Nb6 15. N2e3 g6 16. a4 a5 17. Na3 Kb8 18. Nac4 Nxc4 19. Nxc4 Rd7 20. Ne3 Rhd8 21. Nd5 Qd6 22. Bxh6 Rh8 23. Qe3 Bd8 24. Rfd1 f6 25. Bf3 Bxd5 26. Rxd5 Qe6 27. Rxd7 Qxd7 28. Qd2 Qxh3 29. Be3 Be7 30. Qd5 f5 31. Bxc5 Bxc5 32. Qxc5 f4 33. Qd6+ Ka8 34. Qxg6 Ne7 35. Qg5 Qh2+ 36. Kf1 Rg8 37. Qh4 fxg3 38. fxg3 Qxb2 39. Rd1 Rf8 40. Rd3 Qb1+ 41. Ke2 Qc2+ 42. Rd2 Qxc3 43. Bg2 Nc6 44. Qh6 Rg8 45. Qe3 Nd4+ 46. Rxd4 exd4 47. Qxc3 dxc3 48. e5 Rxg3 49. Be4 Rg4 50. Bc2 Kb8 51. Ke3 Kc7 52. Kd3 Rg3+ 53. Kd4 Kd7 54. Bd3 Rg4+ 55. Kxc3 Ke6 56. Bb5 Kxe5 57. Bd7 Rf4 0-1

[Event "BIH CFFBH-chT1"]
[Site "Neum"]
[Date "2007.08.28"]
[Round "6"]
[White "Burovic, Ismet"]
[Black "Tutic, Resad"]
[Result "1-0"]
[WhiteElo "2340"]
[BlackElo "2246"]
[PlyCount "65"]
[EventDate "2007.08.25"]
[EventType "team-tourn"]
[EventRounds "9"]
[EventCountry "BIH"]
[SourceTitle "EXT 2023"]
[Source "ChessBase"]
[SourceDate "2022.10.05"]
[SourceVersion "1"]
[SourceVersionDate "2022.10.05"]
[SourceQuality "1"]

1. g3 e5 2. Bg2 f5 3. c4 Nf6 4. Nc3 Be7 5. d3 c6 6. Nf3 Qc7 7. 0-0 0-0 8. Rb1 Na6 9. a3 Nc5 10. b4 Ne6 11. e3 d6 12. d4 e4 13. Nd2 d5 14. Qb3 Qd6 15. f3 Bd7 16. fxe4 fxe4 17. cxd5 cxd5 18. Rxf6 gxf6 19. Nxd5 f5 20. Bxe4 fxe4 21. Nxe4 Ng5 22. Nxe7+ Kh8 23. Nxd6 Nh3+ 24. Kg2 Rf2+ 25. Kh1 Bg4 26. Qf7 Rf8 27. Bb2 R8xf7 28. Nxf7+ Kg7 29. Ne5 Be2 30. e4 Ng5 31. d5 Kf8 32. Bd4 Bd3 33. Nxd3 1-0

[Event "BIH-chT2"]
[Site "Neum"]
[Date "2003.08.29"]
[Round "9"]
[White "Obuca, Bajro"]
[Black "Tutic, Resad"]
[Result "0-1"]
[WhiteElo "2186"]
[BlackElo "2242"]
[PlyCount "102"]
[EventDate "2003.08.23"]
[EventType "team"]
[EventRounds "9"]
[EventCountry "BIH"]
[SourceTitle "EXT 2004"]
[Source "ChessBase"]
[SourceDate "2003.11.25"]
[SourceVersion "1"]
[SourceVersionDate "2003.11.25"]
[SourceQuality "1"]

1. e4 c5 2. Nf3 Nc6 3. d4 cxd4 4. Nxd4 Nf6 5. Nc3 e5 6. Ndb5 d6 7. Bg5 a6 8. Na3 b5 9. Nd5 Qa5+ 10. Bd2 Qd8 11. Bg5 Be7 12. Bxf6 Bxf6 13. c3 Ne7 14. g3 Bg5 15. Bg2 Nxd5 16. Qxd5 Be6 17. Qd3 Qb6 18. 0-0 0-0 19. h4 Bh6 20. Rfd1 Rfd8 21. Nc2 Rac8 22. Nb4 Rc5 23. Qe2 a5 24. Nd5 Bxd5 25. Rxd5 Rxd5 26. exd5 g6 27. a3 Qc5 28. Rd1 f5 29. Kh2 Rf8 30. Bf1 f4 31. Bg2 Qc4 32. Qc2 b4 33. axb4 axb4 34. Rd3 b3 35. Qd1 fxg3+ 36. fxg3 Rf2 37. Rf3 Rxb2 38. Kh3 Qe2 39. Qxe2 Rxe2 40. c4 Be3 41. Rf1 b2 42. Rb1 Bc1 43. Bf1 Rd2 44. Kg4 Rf2 45. Bd3 h5+ 46. Kh3 Kg7 47. Be4 Kf6 48. Bd3 g5 49. hxg5+ Kxg5 50. Be4 Re2 51. Bd3 Re3 0-1

[Event "BIH-chT"]
[Site "Bihac"]
[Date "1999.08.29"]
[Round "9"]
[White "Cekro, Ekrem"]
[Black "Tutic, Resad"]
[Result "1/2-1/2"]
[WhiteElo "2398"]
[BlackElo "2270"]
[PlyCount "20"]
[EventDate "1999.08.21"]
[EventType "team"]
[EventRounds "9"]
[EventCountry "BIH"]
[SourceTitle "EXT 2000"]
[Source "ChessBase"]
[SourceDate "1999.11.16"]
[SourceVersion "1"]
[SourceVersionDate "1999.11.16"]
[SourceQuality "1"]

1. c4 e5 2. g3 Nf6 3. Bg2 Nc6 4. Nc3 Bb4 5. Nd5 Nxd5 6. cxd5 Nb8 7. Nf3 Qe7 8. 0-0 0-0 9. e4 d6 10. d4 Ba5 1/2-1/2

[Event "BIH-chT"]
[Site "Bihac"]
[Date "1999.08.27"]
[Round "7"]
[White "Tutic, Resad"]
[Black "Kurajica, Bojan"]
[Result "1/2-1/2"]
[WhiteElo "2270"]
[BlackElo "2541"]
[PlyCount "82"]
[EventDate "1999.08.21"]
[EventType "team"]
[EventRounds "9"]
[EventCountry "BIH"]
[SourceTitle "EXT 2000"]
[Source "ChessBase"]
[SourceDate "1999.11.16"]
[SourceVersion "1"]
[SourceVersionDate "1999.11.16"]
[SourceQuality "1"]

1. d4 Nf6 2. Nf3 e6 3. e3 b6 4. Bd3 Bb7 5. Nbd2 c5 6. 0-0 cxd4 7. exd4 Be7 8. Re1 0-0 9. c3 d6 10. Nf1 Re8 11. h3 Nbd7 12. Bf4 Bf8 13. Qc2 Bxf3 14. gxf3 g6 15. Ng3 Nd5 16. Bc1 Rc8 17. Qa4 Qc7 18. Bb5 Red8 19. Bg5 Be7 20. Bh6 Nb8 21. f4 Bf8 22. Bg5 f6 23. Bh4 Qf7 24. Ne4 Bh6 25. Bc4 Nxf4 26. Nxf6+ Kh8 27. Ng4 Bg5 28. Bg3 Re8 29. Bf1 h5 30. Ne3 Rf8 31. Qc2 Nc6 32. Rad1 d5 33. h4 Bh6 34. Ng2 g5 35. Nxf4 gxf4 36. Bh2 Qf6 37. Bh3 Rce8 38. Kh1 Rg8 39. Rg1 Ne7 40. Qe2 Rxg1+ 41. Rxg1 Qxh4 1/2-1/2

[Event "BIH-chT"]
[Site "Bihac"]
[Date "1999.08.24"]
[Round "4"]
[White "Saric, Ibro"]
[Black "Tutic, Resad"]
[Result "1-0"]
[WhiteElo "2270"]
[BlackElo "2270"]
[PlyCount "61"]
[EventDate "1999.08.21"]
[EventType "team"]
[EventRounds "9"]
[EventCountry "BIH"]
[SourceTitle "EXT 2000"]
[Source "ChessBase"]
[SourceDate "1999.11.16"]
[SourceVersion "1"]
[SourceVersionDate "1999.11.16"]
[SourceQuality "1"]

1. e4 c5 2. Nf3 Nc6 3. d3 g6 4. g3 Bg7 5. Bg2 e6 6. c3 d5 7. Qe2 d4 8. e5 h6 9. h4 dxc3 10. bxc3 Qc7 11. Bf4 Nge7 12. Nbd2 Nd5 13. Ne4 Nxe5 14. Nxe5 Nxf4 15. gxf4 Bxe5 16. fxe5 Qxe5 17. Rc1 f5 18. Nd2 Qf6 19. f4 0-0 20. Nc4 Bd7 21. Bxb7 Rab8 22. Bf3 Bb5 23. Ne5 Kh7 24. Qf2 Rbd8 25. c4 Be8 26. Qxc5 Rg8 27. Rb1 Rg7 28. Ke2 Ba4 29. Rb7 Bc2 30. Qxa7 Rdg8 31. Kd2 1-0

[Event "Pula op 11th"]
[Site "Pula"]
[Date "1997.??.??"]
[Round "9"]
[White "Boric, Muhamed"]
[Black "Tutic, Resad"]
[Result "1-0"]
[WhiteElo "2400"]
[BlackElo "2210"]
[PlyCount "89"]
[EventDate "1997.05.??"]
[EventType "swiss"]
[EventRounds "9"]
[EventCountry "CRO"]
[SourceTitle "EXT 2000"]
[Source "ChessBase"]
[SourceDate "1999.11.16"]
[SourceVersion "1"]
[SourceVersionDate "1999.11.16"]
[SourceQuality "1"]

1. d4 e6 2. Nf3 f5 3. Bg5 Nf6 4. Nbd2 Be7 5. Bxf6 Bxf6 6. e4 fxe4 7. Nxe4 b6 8. Bd3 Ba6 9. 0-0 Bxd3 10. Qxd3 0-0 11. c3 Kh8 12. Rae1 Nc6 13. Re2 Ne7 14. Nfd2 Qe8 15. f4 Qg6 16. Nf3 Nd5 17. Nfd2 Bh4 18. g3 Be7 19. Kh1 Nf6 20. Nf2 Qxd3 21. Nxd3 Rae8 22. Rfe1 Bd8 23. Nf3 g6 24. a4 a5 25. Nfe5 Be7 26. Kg2 Kg7 27. Nf3 c6 28. Nfe5 Bd6 29. h3 Bxe5 30. dxe5 Nd5 31. Rd2 Kf7 32. c4 Nc7 33. Nf2 Rd8 34. Red1 Ke7 35. Ne4 Na6 36. Nf6 Rxf6 37. exf6+ Kxf6 38. Rxd7 Rxd7 39. Rxd7 Nc5 40. Rxh7 Nxa4 41. Rb7 Nxb2 42. Rxb6 Nxc4 43. Rxc6 Ne3+ 44. Kf3 Nd5 45. Ra6 1-0

[Event "Pula op 11th"]
[Site "Pula"]
[Date "1997.??.??"]
[Round "7"]
[White "Tutic, Resad"]
[Black "Loncar, Robert"]
[Result "1/2-1/2"]
[WhiteElo "2210"]
[BlackElo "2390"]
[PlyCount "87"]
[EventDate "1997.05.??"]
[EventType "swiss"]
[EventRounds "9"]
[EventCountry "CRO"]
[SourceTitle "EXT 2000"]
[Source "ChessBase"]
[SourceDate "1999.11.16"]
[SourceVersion "1"]
[SourceVersionDate "1999.11.16"]
[SourceQuality "1"]

1. e4 e5 2. Nf3 Nc6 3. d4 exd4 4. Nxd4 Nf6 5. Nxc6 bxc6 6. e5 Nd5 7. c4 Nb6 8. Bd3 Bb4+ 9. Nc3 Qh4 10. 0-0 Bxc3 11. bxc3 Ba6 12. Re1 Qe7 13. Re4 Qe6 14. Qf1 0-0 15. Ba3 Rfe8 16. Rae1 Qh6 17. Bc1 Qe6 18. f4 Qe7 19. f5 Qc5+ 20. Be3 Qf8 21. f6 g6 22. Qf2 d6 23. exd6 Rxe4 24. Bxe4 cxd6 25. Bxb6 axb6 26. Bxc6 Rc8 27. Bb5 Bxb5 28. cxb5 Re8 29. h3 d5 30. Rxe8 Qxe8 31. Qxb6 Qe1+ 32. Kh2 Qe5+ 33. Kh1 Qe1+ 34. Kh2 Qe5+ 35. g3 Qe2+ 36. Kg1 Qe1+ 37. Kg2 Qe2+ 38. Qf2 Qxb5 39. g4 Qa6 40. Kh2 h6 41. Kg1 Qb5 42. Kg2 Qa6 43. Kh2 Kh7 44. Kg2 1/2-1/2